000 00744namaa2200205 i 4500
001 178935
003 ES-MaACL
005 20230906220627.0
008 110810s1904 fr | |||| ||fre d
080 _a5:1
100 1 _aLe Dantec, Félix.
_970865
245 1 4 _aLes lois naturelles
_b: réflexions d'un biologiste sur les sciences /
_cpar Félix Le Dantec.
260 _aParis :
_bFélix Alcan :
_bAncienne Librairie Germer Baillière et Cª,
_c1904.
300 _aXVI, 308 p. :
_bil. ;
_c22 cm.
490 1 _aBibliothèque scientifique internationale ;
_v102
650 _aCiencia-
_xFilosofía.
_910950
830 0 _aBibliothèque scientifique internationale ;
_v102
_9186949
852 _aES-MaACL
_jF-14430
999 _c178935
_d178935